All NCAA D1 Schools by Conference - Statistics

General Stats
  • This quiz has been taken 170 times
  • The average score is 161 of 363
Answer Stats
Hint Answer % Correct
Southeastern Conference University of Texas at Austin
91%
Southeastern Conference University of Florida
89%
Southeastern Conference University of Georgia
89%
Southeastern Conference University of Alabama
88%
Atlantic Coast Conference University of California, Berkeley
88%
Atlantic Coast Conference University of North Carolina at Chapel Hill
87%
Atlantic Coast Conference Stanford University
84%
Atlantic Coast Conference Duke University
83%
Mid-American Conference Ohio University
83%
Big Ten University of California, Los Angeles
83%
Big Ten University of Iowa
83%
Big Ten University of Michigan
83%
Ivy League University of Pennsylvania
83%
Mid-American Conference Miami University (OH)
82%
Atlantic Coast Conference University of Miami (FL)
82%
Big Ten University of Oregon
82%
Big Ten University of Washington
81%
Atlantic Coast Conference Florida State University
80%
Southeastern Conference Louisiana State University
80%
Big Ten Pennsylvania State University
80%
Big Ten Michigan State University
79%
Southeastern Conference Texas A&M University
79%
Big Ten The Ohio State University
79%
Big 12 University of Colorado Boulder
79%
Atlantic Coast Conference University of Virginia
79%
Atlantic Coast Conference Virginia Polytechnic Institute and State University
78%
Big 12 University of Arizona
77%
Southeastern Conference University of Arkansas
77%
Southeastern Conference University of Kentukcy
77%
Southeastern Conference University of Oklahoma
77%
Southeastern Conference University of South Carolina
77%
Big Ten University of Southern California
77%
Atlantic Coast Conference Georgia Institute of Technology
76%
Big Ten Indiana University Bloomington
76%
Big 12 Iowa State University
76%
Big 12 Texas Tech University
76%
Southeastern Conference University of Mississippi
76%
Southeastern Conference Auburn University
74%
Atlantic Coast Conference Clemson University
74%
Atlantic Coast Conference North Carolina State University
74%
Big Ten University of Illinois Urbana-Champaign
74%
Southeastern Conference University of Missouri
74%
Southeastern Conference University of Tennessee
74%
Big 12 Arizona State University
73%
Atlantic Coast Conference Boston College
73%
Big Ten Northwestern University
73%
Big Ten Purdue University
72%
Big Ten University of Minnesota Twin Cities
72%
Big Ten University of Nebraska-Lincoln
72%
Big 12 University of Kansas
71%
Big Ten University of Maryland, College Park
71%
Big Ten University of Wisconsin-Madison
71%
Southeastern Conference Vanderbilt University
71%
Ivy League Harvard University
70%
Big 12 Kansas State University
70%
Big Ten Rutgers, The State University of New Jersey, New Brunswick
70%
Atlantic Coast Conference University of Notre Dame
70%
Big 12 West Virginia University
70%
Ivy League Yale University
70%
Southeastern Conference Mississippi State University
69%
Southwestern Athletic Conference Southern University
69%
Big East University of Connecticut
69%
Big 12 University of Houston
69%
Pac-12 Washington State University
69%
Big 12 Oklahoma State Universtiy
68%
Mountain West University of New Mexico
68%
Big 12 Baylor University
67%
Pac-12 Oregon State University
67%
Big Sky University of Idaho
67%
Atlantic Coast Conference University of Louisville
67%
Big 12 Brigham Young University
66%
Atlantic Coast Conference Syracuse University
66%
Atlantic Coast Conference University of Pittsburgh
66%
Sun Belt University of Louisiana at Lafayette
64%
Big Sky University of Montana
64%
Summit League University of South Dakota
64%
Big 12 University of Utah
64%
Pac-12 Boise State University
63%
Ivy League Brown University
63%
Pac-12 Colorado State University
63%
American Athletic Conference Florida Atlantic Universtiy
63%
Summit League University of North Dakota
63%
American Athletic Conference University of South Florida
63%
Ivy League Princeton University
62%
Atlantic Coast Conference Southern Methodist University
62%
America East University of Maine
62%
Mountain West University of Nevada, Las Vegas
62%
West Coast Conference University of San Diego
62%
Atlantic Coast Conference Wake Forest University
62%
Sun Belt Georgia State University
61%
Summit League South Dakota State University
61%
Big 12 University of Central Florida
61%
Mountain West University of Nevada, Reno
61%
Ivy League Cornell University
60%
Conference USA New Mexico State University
60%
Mid-American Conference University of Massachusetts Amherst
60%
Ivy League Dartmouth College
59%
Patriot League United States Naval Academy (Navy)
59%
Big 12 University of Cincinnati
59%
Sun Belt Texas State University
58%
Patriot League United States Military Academy (Army)
58%
Pac-12 Utah State University
58%
Big East Villanova University
58%
Ivy League Columbia University
57%
Conference USA Florida International Universtiy
57%
Pac-12 Gonzaga University
57%
Big Sky Montana State University
57%
Summit League North Dakota State University
57%
Big 12 Texas Christian University
57%
Mountain West United States Air Force Academy
57%
Mountain West University of Wyoming
57%
Sun Belt Coastal Carolina University
56%
Big Sky Idaho State Universtiy
56%
Conference USA University of Delaware
56%
Mid-American Conference Central Michigan University
54%
Atlantic Sun Jacksonville University
54%
American Athletic Conference Tulane University
54%
West Coast Conference University of Portland
54%
Southwestern Athletic Conference Alabama State University
53%
Big East Saint John's University
53%
Mid-American Conference University of Akron
53%
Mountain West University of Hawaii at Manoa
53%
America East University of New Hampshire
53%
Mid-American Conference Eastern Michigan University
52%
Missouri Valley Indiana State University
52%
Sun Belt James Madison University
52%
Mid-American Conference University at Buffalo
52%
American Athletic Conference University of Texas at San Antonio
52%
America East University of Vermont
52%
Sun Belt Arkansas State University
51%
Big East Georgetown University
51%
Horizon League Northern Illinois University
51%
Pac-12 San Diego State University
51%
Atlantic 10 University of Rhode Island
51%
Mountain West University of Texas at El Paso
51%
Mid-American Conference University of Toledo
51%
Mid-American Conference Western Michigan University
50%
Sun Belt Georgia Southern University
49%
Big East Marquette University
49%
Sun Belt Marshall University
49%
American Athletic Conference Rice University
49%
Sun Belt Appalachian State University
48%
Pac-12 California State University, Frenso
48%
Big East Creighton University
48%
American Athletic Conference East Carolina University
48%
American Athletic Conference University of Memphis
48%
Mid-American Conference Bowling Green University
47%
Big Sky Northern Arizona University
47%
West Coast Conference Seattle University
47%
America East University at Albany
47%
Atlantic 10 University of Dayton
47%
Summit League University of Denver
47%
West Coast Conference University of San Francisco
47%
Conference USA Western Kentucky University
47%
Big East Xavier University
47%
Missouri Valley Illinois State University
46%
Conference USA Jacksonville State University
46%
Conference USA Missouri State University
46%
American Athletic Conference University of Tulsa
46%
Southwestern Athletic Conference Alabama A&M University
44%
Mountain West Grand Canyon University
44%
Southwestern Athletic Conference Jackson State University
44%
Mid-Eastern Athletic Conference South Carolina State University
44%
American Athletic Conference University of Alabama at Birmingham
44%
Atlantic 10 University of Richmond
44%
Mid-American Conference Ball State University
43%
Mid-Eastern Athletic Conference Delaware State University
43%
Southwestern Athletic Conference Florida A&M University
43%
Big Sky Portland State University
43%
Mountain West San Jose State Universtiy
43%
American Athletic Conference University of North Carolina at Charlotte
43%
American Athletic Conference University of North Texas
43%
Big East Butler University
42%
Coastal Athletic Association College of Charleston
42%
Mid-American Conference Kent State University
42%
West Coast Conference Saint Mary's of College of California
42%
Missouri Valley Southern Illinois University
42%
American Athletic Conference Temple University
42%
Mountain West University of California Davis
42%
Big West University of California, Santa Barbara
42%
Sun Belt University of Southern Mississippi
42%
Patriot League Boston University
41%
Big Sky California State University, Sacramento
41%
Ohio Valley Conference Eastern Illinois University
41%
Conference USA Louisiana Tech University
41%
Atlantic 10 Saint Louis University
41%
Sun Belt University of South Alabama
41%
American Athletic Conference Wichita State University
41%
Patriot League American University
40%
Atlantic 10 George Mason Universtiy
40%
Atlantic 10 Loyola University Chicago
40%
Sun Belt Old Dominion University
40%
Big East Providence College
40%
Ohio Valley Conference Tennessee State University
40%
Big West University of California, Irvine
40%
Horizon League University of Detroit Mercy
40%
Atlantic 10 Virginia Commonwealth University
40%
Ohio Valley Conference Western Illinois University
40%
Conference USA Kennesaw State University
39%
Conference USA Middle Tennessee State University
39%
Horizon League Oakland University
39%
Missouri Valley Drake University
38%
Mid-Eastern Athletic Conference Howard University
38%
Sun Belt Troy University
38%
Sun Belt University of Louisiana at Monroe
38%
Missouri Valley University of Northern Iowa
38%
Big West California Polytechnic State University
37%
Atlantic 10 Duquesne University
37%
Big Sky Eastern Washington Universtiy
37%
Southwestern Athletic Conference Grambling State University
37%
Ohio Valley Conference Tennessee Technological University
37%
Big East DePaul University
36%
Atlantic Sun Florida Gulf Coast University
36%
West Coast Conference Pepperdine University
36%
Big East Seton Hall University
36%
Atlantic Sun University of North Florida
36%
Conference USA Liberty Universtiy
34%
West Coast Conference Loyola Marymount University
34%
Western Athletic Conference Southern Utah University
34%
Horizon League Youngstown State University
34%
Big West California State University, Long Beach
33%
Patriot League College of the Holy Cross
33%
Atlantic 10 Saint Joseph's University
33%
Atlantic Sun University of North Alabama
33%
Coastal Athletic Association University of North Carolina Wilmington
33%
Big Sky University of Northern Colorado
33%
Horizon League University of Wisconsin-Green Bay
33%
Southwestern Athletic Conference Alcorn State University
32%
Northeast Conference Central Connecticut State University
32%
Patriot League Colgate Universtiy
32%
Coastal Athletic Association College of William & Mary
32%
Metro Atlantic Athletic Conference Saint Peter's University
32%
Atlantic Sun Stetson University
32%
Western Athletic Conference Utah Tech University
32%
Northeast Conference Chicago State University
31%
Atlantic 10 Davidson College
31%
Atlantic Sun Eastern Kentucky University
31%
Coastal Athletic Association Elon University
31%
Northeast Conference Long Island University
31%
Coastal Athletic Association North Carolina A&T State University
31%
America East University of Maryland Baltimore County (UMBC)
31%
Summit League University of Nebraska Omaha
31%
Horizon League University of Wisconsin-Milwaukee
31%
Missouri Valley Belmont University
30%
Horizon League Cleveland State University
30%
Patriot League Lafayette College
30%
Patriot League Lehigh University
30%
Southern Conference Mercer University
30%
Mid-Eastern Athletic Conference Norfolk State University
30%
Coastal Athletic Association Northeastern University
30%
Conference USA Sam Houston State University
30%
Southland Stephen F. Austin State University
30%
Big West California State University, Bakersfield
29%
Big West California State University, Fullerton
29%
Coastal Athletic Association Campbell University
29%
Atlantic 10 Fordham University
29%
Big South High Point University
29%
Coastal Athletic Association Towson University
29%
Southwestern Athletic Conference University of Arkansas at Pine Bluff
29%
Big West University of California, Riverside
29%
Southland University of New Orleans
29%
Metro Atlantic Athletic Conference Fairfield University
28%
Southland McNeese State University
28%
Summit League Oral Roberts University
28%
Southwestern Athletic Conference Prairie View A&M University
28%
Southern Conference University of North Carolina at Greensboro
28%
Horizon League Indiana University Indianopolis
27%
Southland Lamar
27%
West Coast Conference Santa Clara University
27%
Missouri Valley University of Evansville
27%
Missouri Valley University of Illinois Chicago
27%
Summit League University of Saint Thomas
27%
Southern Conference Wofford College
27%
America East Bryant University
26%
Big West California Baptist University
26%
Southern Conference East Tennessee State University
26%
Metro Atlantic Athletic Conference Iona University
26%
America East New Jersey Institute of Technology
26%
Southern Conference The Citadel
26%
Ohio Valley Conference University of Arkansas at Little Rock
26%
Big West University of California, San Diego
26%
Big South University of North Carolina at Asheville
26%
West Coast Conference University of the Pacific
26%
Big Sky Weber State
26%
Western Athletic Conference Abilene Christian University
24%
Southwestern Athletic Conference Bethune-Cookman University
24%
Big West California State University, Northridge
24%
Southern Conference Furman University
24%
Coastal Athletic Association Hofstra University
24%
Missouri Valley Murray State University
24%
Horizon League Northern Kentucky University
24%
Atlantic Sun Queens University of Charlotte
24%
Southern Conference Samford University
24%
Ohio Valley Conference Southeast Missouri State University
24%
Southwestern Athletic Conference Texas Southern University
24%
Southern Conference University of Tennessee at Chattanooga
24%
Western Athletic Conference Utah Valley University
24%
Southern Conference Virginia Military Institute (VMI)
24%
Missouri Valley Bradley University
23%
Big South Charleston Southern University
23%
Metro Atlantic Athletic Conference Manhattan University
23%
Metro Atlantic Athletic Conference Mount Saint Mary's University
23%
Metro Atlantic Athletic Conference Quinnipiac University
23%
Metro Atlantic Athletic Conference Sacred Heart University
23%
Atlantic 10 Saint Bonaventure University
23%
America East University of Massachusetts Lowell
23%
Summit League University of Missouri-Kansas City
23%
Missouri Valley Valparaiso University
23%
Horizon League Wright State University
23%
Patriot League Bucknell University
22%
Coastal Athletic Association Drexel University
22%
Southwestern Athletic Conference Mississippi Valley State University
22%
Ohio Valley Conference Morehead State University
22%
Southland Nicholls State University
22%
Big South Radford University
22%
Coastal Athletic Association Stony Brook Universtiy
22%
Southland Texas A&M University-Corpus Christi
22%
Northeast Conference Wagner College
22%
Big South Gardner-Webb University
21%
Atlantic Sun Lipscomb University
21%
Metro Atlantic Athletic Conference Marist University
21%
Metro Atlantic Athletic Conference Niagara University
21%
Horizon League Robert Morris University
21%
Western Athletic Conference University of Texas at Arlington
21%
Southland University of Texas Rio Grande Valley
21%
Atlantic Sun University of West Georgia
21%
Southern Conference Western Carolina University
21%
Coastal Athletic Association Hampton University
20%
Horizon League Purdue University Fort Wayne
20%
Metro Atlantic Athletic Conference Rider University
20%
Western Athletic Conference Tarleton State University
20%
Atlantic Sun University of Central Arkansas
20%
Ohio Valley Conference University of Southern Indiana
20%
Atlantic Sun Bellarmine University
19%
America East Binghamton University
19%
Southland Houston Christian University
19%
Atlantic 10 La Salle Univeresity
19%
Metro Atlantic Athletic Conference Merrimack College
19%
Coastal Athletic Association Monmouth University
19%
Mid-Eastern Athletic Conference Morgan State University
19%
Metro Atlantic Athletic Conference Canisius University
18%
Northeast Conference Fairleigh Dickinson University
18%
Southland Southeastern Louisiana University
18%
Patriot League Loyola University Maryland
17%
Mid-Eastern Athletic Conference North Carolina Central University
17%
Ohio Valley Conference Southern Illinois University Edwardsville
17%
Mid-Eastern Athletic Conference University of Maryland Eastern Shore
17%
Big South University of South Carolina Upstate
17%
Ohio Valley Conference University of Tennessee at Martin
17%
Big South Winthrop University
17%
Big South Longwood University
16%
Northeast Conference Mercyhurst University
16%
Metro Atlantic Athletic Conference Siena College
16%
Southland University of the Incarnate Word
16%
Mid-Eastern Athletic Conference Coppin State University
14%
Southland East Texas A&M University (TAMU Commerce)
14%
Southland Northwestern State University
14%
Northeast Conference Stonehill College
13%
Big South Presbyterian College
11%
Northeast Conference Le Moyne College
9%
Northeast Conference University of New Haven
9%
Atlantic Sun Austin Peay State University
6%
Ohio Valley Conference Lindenwood University
1%
No matching quizzes found
Score Distribution
Percent of People with Each Score
Percentile by Number Answered
Your Score History
You have not taken this quiz